[Event "Szachowy Tydzien w Przeworsku - Round Robin Tournament GM norm"]
[Site "Przeworsk"]
[Date "1899-12-30"]
[Round "1.1"]
[White "Dziuba, Marcin"]
[Black "Neugebauer, Martin"]
[Result "1/2-1/2"]
[WhiteTitle "GM"]
[BlackTitle "IM"]
[WhiteElo "2535"]
[BlackElo "2543"]

1. e4 c5 2. Nf3 d6 3. d4 cxd4 4. Nxd4 Nf6 5. Nc3 a6 6. f4 e5 7. Nf3 Qc7 8. Bd3
Be7 9. O-O O-O 10. Kh1 b5 11. fxe5 dxe5 12. Bg5 Be6 13. Nh4 Ng4 14. Nf5 Bxg5 15.
Qxg4 Qd8 16. Rad1 Nd7 17. h4 Bf6 18. Nd5 g6 19. Nxf6+ Qxf6 20. Qg3 Kh8 21. Nd6
Qe7 22. Be2 f5 23. Qg5 Qxg5 24. hxg5 Nc5 25. Rf3 Rad8 26. exf5 gxf5 27. b4 Na4
28. Re3 e4 29. g4 fxg4 30. Rxe4 Bxa2 31. Red4 Nc3 32. Nf7+ Rxf7 33. Rxd8+ Kg7
34. Bxg4 1/2-1/2

[Event "Szachowy Tydzien w Przeworsku - Round Robin Tournament GM norm"]
[Site "Przeworsk"]
[Date "1899-12-30"]
[Round "1.2"]
[White "Psyk, Radoslaw"]
[Black "Licznerski, Lukasz"]
[Result "1-0"]
[WhiteTitle "k++"]
[BlackTitle "IM"]
[WhiteElo "2417"]
[BlackElo "2460"]

1. e4 c6 2. d4 d5 3. exd5 cxd5 4. Bd3 Nc6 5. c3 Nf6 6. h3 g6 7. Nf3 Bf5 8. O-O
Bxd3 9. Qxd3 Bg7 10. Re1 O-O 11. Bf4 Ne4 12. Nbd2 Nxd2 13. Qxd2 Na5 14. Bh6 Nc4
15. Qf4 Nxb2 16. Qh4 f6 17. Bxg7 Kxg7 18. Rab1 Na4 19. Rxb7 Rf7 20. Nh2 Qd6 21.
Ng4 h5 22. Ne3 Nxc3 23. g4 hxg4 24. Qxg4 e6 25. Rxf7+ Kxf7 26. Qh4 f5 27. Qh7+
Kf6 28. Ng2 Qe7 29. Qh6 Ne4 30. Nf4 Qf7 31. f3 Rg8 32. fxe4 dxe4 33. Rc1 Rd8 34.
Rc6 Rxd4 35. Rxe6+ Qxe6 36. Qxg6+ Ke5 37. Nxe6 Rd6 38. Nf4 Rxg6+ 39. Nxg6+ Kf6
40. Nf4 Kg5 41. Ne6+ Kf6 42. Nd4 Ke5 1-0

[Event "Szachowy Tydzien w Przeworsku - Round Robin Tournament GM norm"]
[Site "Przeworsk"]
[Date "1899-12-30"]
[Round "1.3"]
[White "Baum, Jonasz"]
[Black "Stefansson, Hannes"]
[Result "0-1"]
[WhiteTitle "IM"]
[BlackTitle "GM"]
[WhiteElo "2427"]
[BlackElo "2521"]

1. d4 Nf6 2. c4 e6 3. Nc3 Bb4 4. f3 d5 5. a3 Bxc3+ 6. bxc3 c5 7. cxd5 Nxd5 8. dxc5
Qa5 9. e4 Ne7 10. Be3 O-O 11. Qb3 Qc7 12. Bb5 Nec6 13. Ne2 Na5 14. Qb4 Nbc6 15.
Qa4 Ne5 16. Bd4 Ng6 17. O-O e5 18. Be3 Rd8 19. Ng3 a6 20. Be2 Nf4 21. Rfd1 Nxe2+
22. Nxe2 Be6 23. Qb4 Nc4 24. Rxd8+ Rxd8 25. Bf2 Rd2 26. Ng3 Qd7 27. Nf1 Rb2 28.
c6 Qxc6 29. Rd1 Qe8 30. Qc5 h6 31. Ne3 Qa4 32. Rd8+ Kh7 33. h3 Nxe3 34. Bxe3 Qc2
35. Bf2 Qc1+ 36. Kh2 Qf1 37. Kg3 b6 38. Qe3 Re2 39. Qxb6 h5 40. h4 g5 41. hxg5
h4+ 42. Kxh4 Qxg2 43. g6+ Kg7 44. Rg8+ Kxg8 45. gxf7+ Kxf7 0-1

[Event "Szachowy Tydzien w Przeworsku - Round Robin Tournament GM norm"]
[Site "Przeworsk"]
[Date "1899-12-30"]
[Round "1.4"]
[White "Sowinski, Pawel"]
[Black "Omelja, Artem"]
[Result "1/2-1/2"]
[WhiteTitle "FM"]
[BlackTitle "GM"]
[WhiteElo "2313"]
[BlackElo "2446"]

1. e4 e6 2. d4 d5 3. Nc3 Nf6 4. Bg5 h6 5. Bxf6 Qxf6 6. exd5 Bb4 7. Bb5+ c6 8. dxc6
Nxc6 9. Qf3 Bd7 10. Qxf6 Bxc3+ 11. bxc3 gxf6 12. Ne2 Rc8 13. Rb1 Na5 14. O-O b6
15. a4 Ke7 16. Rfe1 Rhd8 17. f3 Bc6 18. Kf2 Bd5 19. h4 f5 20. Ra1 Kd6 21. Ra3
Rc7 22. Nf4 Bc4 23. Bxc4 Nxc4 24. Ra2 Rdc8 25. Rd1 Na5 26. Ne2 Nc6 27. Rb1 Na5
28. Rd1 Rc4 29. Rd3 Nc6 30. Ra3 Ne7 31. Nf4 Nd5 32. Nxd5 Kxd5 33. g3 f6 34. Ke2
Ke5 1/2-1/2

[Event "Szachowy Tydzien w Przeworsku - Round Robin Tournament GM norm"]
[Site "Przeworsk"]
[Date "1899-12-30"]
[Round "1.5"]
[White "Royal, Shreyas"]
[Black "Fus, Jakub"]
[Result "1-0"]
[WhiteTitle "IM"]
[BlackTitle "IM"]
[WhiteElo "2427"]
[BlackElo "2417"]

1. Nf3 d5 2. g3 Bg4 3. Bg2 Nd7 4. O-O e6 5. h3 Bh5 6. d4 Bd6 7. c4 c6 8. Qb3 Rb8
9. Nc3 Ngf6 10. Nd2 Bg6 11. e4 dxe4 12. Ndxe4 Nxe4 13. Nxe4 Bxe4 14. Bxe4 O-O
15. Be3 Nf6 16. Bf3 Qa5 17. Rad1 h6 18. Rfe1 Rfc8 19. a3 b5 20. c5 Bf8 21. Bf4
Ra8 22. g4 Nd5 23. Bg3 Rd8 24. h4 Be7 25. Be4 Bf6 26. Qf3 Rd7 27. g5 hxg5 28.
h5 Qd8 29. Bc2 Rc8 30. Re4 Ne7 31. h6 Nf5 32. hxg7 Bxd4 33. Be5 Bxe5 34. Rxd7
Qxd7 35. Rxe5 Kxg7 36. Bxf5 exf5 37. Rxf5 Qe7 38. Qc3+ Kg8 39. Re5 Qd8 40. Qh3
f6 41. Re7 Qxe7 42. Qxc8+ Kg7 43. Qxc6 Qe2 44. Qd7+ Kf8 45. c6 Qe1+ 46. Kg2 Qe4+
47. f3 Qe7 48. Qd3 Qe5 49. Qc2 Qc7 50. Qc5+ Kf7 51. Qxb5 Ke6 52. Qc5 f5 53. b4
g4 54. Qc4+ Kd6 55. fxg4 fxg4 56. b5 Qg7 57. Qf4+ Kd5 58. c7 Qd7 59. Qg5+ 1-0

[Event "Szachowy Tydzien w Przeworsku - Round Robin Tournament GM norm"]
[Site "Przeworsk"]
[Date "1899-12-30"]
[Round "2.1"]
[White "Neugebauer, Martin"]
[Black "Fus, Jakub"]
[Result "0-1"]
[WhiteTitle "IM"]
[BlackTitle "IM"]
[WhiteElo "2543"]
[BlackElo "2417"]

1. c4 e6 2. Nf3 d5 3. g3 dxc4 4. Qa4+ Nd7 5. Qxc4 a6 6. Bg2 b5 7. Qe4 Rb8 8. O-O
Bb7 9. Qc2 Ngf6 10. b3 Be7 11. Bb2 c5 12. d3 O-O 13. Nbd2 Qb6 14. Rac1 Rfd8 15.
Qb1 Rbc8 16. Qa1 Bf8 17. Rfd1 h6 18. h3 Rc7 19. Nf1 Nd5 20. N1h2 Qa7 21. Ng4 Qa8
22. h4 Rdc8 23. Nge5 Nb4 24. Ng4 Nd5 25. Rc2 N7b6 26. Nge5 a5 27. Rcc1 a4 28.
Qb1 Nb4 29. Ne1 N6d5 30. Bf3 Qa5 31. e4 Nb6 32. Bc3 Qa8 33. Nc2 axb3 34. axb3
Na2 35. Bb2 Nxc1 36. Rxc1 Nd7 37. Ne3 Nxe5 38. Bxe5 Rd7 39. Be2 Bc6 40. Qc2 Ra7
41. Qd1 Rd8 42. Qf1 Ra2 43. Bd1 Qa3 44. Bc2 Bd6 45. Bc3 Ra8 46. Qd1 Qa7 47. Bb1
Ra6 48. Qh5 Bf8 49. Bb2 Be8 50. Qf3 Qb7 51. g4 Qe7 52. Qg3 Ra3 53. g5 h5 54. Bc2
Ra2 55. Be5 Qd7 56. Rd1 R8a6 57. d4 Ra1 58. d5 Rxd1+ 59. Bxd1 Ra3 60. Bb2 Ra2
61. Be5 exd5 62. exd5 g6 63. Qf4 Ra6 64. Be2 Bd6 65. Qf6 Bxe5 66. Qxe5 Qd8 67.
Bf3 f6 68. gxf6 Rxf6 69. Bg2 Bf7 70. Bf1 Rb6 71. Qc3 Qd6 72. Qa5 Be8 73. Qa7 Rb8
74. Bh3 Bf7 75. Bf1 Kf8 76. Be2 Rd8 77. Bxb5 Bxd5 78. Qh7 Bxb3 79. Qh8+ Ke7 80.
Qc3 Bf7 81. Be2 Qd4 82. Qa3 Kf8 83. Bf3 Kg8 0-1

[Event "Szachowy Tydzien w Przeworsku - Round Robin Tournament GM norm"]
[Site "Przeworsk"]
[Date "1899-12-30"]
[Round "2.2"]
[White "Omelja, Artem"]
[Black "Royal, Shreyas"]
[Result "1-0"]
[WhiteTitle "GM"]
[BlackTitle "IM"]
[WhiteElo "2446"]
[BlackElo "2427"]

1. b3 d5 2. Bb2 Nf6 3. Nf3 c5 4. e3 e6 5. c4 Nc6 6. cxd5 exd5 7. Bb5 Bd6 8. O-O
O-O 9. h3 Qe7 10. Nc3 Bd7 11. d4 cxd4 12. exd4 Rae8 13. a3 Qd8 14. Re1 Rxe1+ 15.
Qxe1 Re8 16. Qd1 Ne7 17. Bf1 Ng6 18. b4 Nf4 19. Ne5 Bxe5 20. dxe5 Rxe5 21. Qd4
Rf5 22. Rd1 Qb6 23. g4 Qxd4 24. Rxd4 Ne6 25. Rd1 Re5 26. Nb5 d4 27. Nxd4 Ba4 28.
Rc1 Rd5 29. Nf5 Rd8 30. f3 Kf8 31. Bxf6 gxf6 32. Kf2 Nd4 33. Nxd4 Rxd4 34. Ke3
Rd7 35. Bd3 Kg7 36. Be4 Re7 37. Kf4 Bb3 38. Rc8 b6 39. h4 h6 40. h5 Be6 41. Rc3
Rd7 42. Bd3 Rd8 43. Ba6 Rd1 44. Bd3 a5 45. bxa5 bxa5 46. Ke3 Kf8 47. Bc2 Rd5 48.
Be4 Rb5 49. Kd4 Rb2 50. Bc2 Ke7 51. Kc5 Kd7 52. Bd3 Kc7 53. Bc4 Rb6 54. Bd5 Rb1
55. Rc4 Rb3 56. Rf4 Rc3+ 57. Kd4 Rxa3 58. Rxf6 Kd6 59. Bxe6 fxe6 60. Ke4 a4 61.
Rxh6 Ra1 62. Rh7 a3 63. Ra7 a2 64. Kf4 e5+ 65. Kg5 1-0

[Event "Szachowy Tydzien w Przeworsku - Round Robin Tournament GM norm"]
[Site "Przeworsk"]
[Date "1899-12-30"]
[Round "2.3"]
[White "Stefansson, Hannes"]
[Black "Sowinski, Pawel"]
[Result "1-0"]
[WhiteTitle "GM"]
[BlackTitle "FM"]
[WhiteElo "2521"]
[BlackElo "2313"]

1. e4 c6 2. d4 d5 3. e5 Bf5 4. Nf3 e6 5. Be2 Ne7 6. c3 h6 7. O-O Nd7 8. Na3 g5
9. Nc2 Bg7 10. b4 O-O 11. Ne3 f6 12. exf6 Nxf6 13. Nxf5 exf5 14. h4 g4 15. Ne1
Ng6 16. g3 Ne4 17. Qd3 h5 18. Ng2 Kh7 19. Re1 Qf6 20. Nf4 Nxf4 21. Bxf4 Bh6 22.
Be5 Qg6 23. Bf1 Bg7 24. Bf4 Bh6 25. Bxh6 Qxh6 26. c4 f4 27. Bg2 f3 28. Bf1 Kh8
29. Re3 Rae8 30. Rae1 Qf6 31. cxd5 cxd5 32. Qb5 Qxd4 33. Bd3 Re5 34. Qxb7 Rfe8
35. Bxe4 dxe4 36. Rc1 R5e7 37. Qc6 Re6 38. Qc7 Qg7 39. Qc4 Qd7 40. b5 Re5 41.
a4 Rd5 42. Qc3+ Kg8 43. Qb3 Kh8 44. Ree1 Rd3 45. Rcd1 Rxb3 46. Rxd7 e3 47. fxe3
Rbxe3 48. Rxe3 Rxe3 49. Rxa7 Rb3 50. Rf7 Rb4 51. Rf4 Rb2 52. Rf5 Kg7 53. Rxh5
Rb1+ 54. Kf2 Rb2+ 55. Ke3 Kf6 56. Rh8 Kg7 57. Rc8 Rb3+ 58. Ke4 f2 59. Rc7+ Kf6
60. Rc1 Rxg3 61. Rf1 Ra3 62. Rxf2+ Ke6 63. Rb2 Rxa4+ 64. Ke3 g3 65. b6 Ra3+ 66.
Kf4 g2 67. Rxg2 Ra4+ 68. Kg5 Rb4 69. Rf2 Ke7 70. Rf6 Rb5+ 71. Kg6 Rb1 72. Kg7
Rb5 73. b7 Rb4 74. Rf7+ Ke6 75. h5 1-0

[Event "Szachowy Tydzien w Przeworsku - Round Robin Tournament GM norm"]
[Site "Przeworsk"]
[Date "1899-12-30"]
[Round "2.4"]
[White "Licznerski, Lukasz"]
[Black "Baum, Jonasz"]
[Result "1/2-1/2"]
[WhiteTitle "IM"]
[BlackTitle "IM"]
[WhiteElo "2460"]
[BlackElo "2427"]

1. e4 e5 2. Nf3 Nc6 3. Bb5 Nf6 4. d3 Bc5 5. O-O Nd4 6. Nxd4 Bxd4 7. c3 Bb6 8. Na3
O-O 9. Nc4 d5 10. exd5 Qxd5 11. Nxb6 axb6 12. Bc4 Qd6 13. Bg5 h6 14. Bh4 Bg4 15.
Qb3 Nh5 16. Rfe1 Nf4 17. Bg3 Ne2+ 18. Kf1 Nxg3+ 19. hxg3 Bd7 20. Qd1 b5 21. Bb3
Bf5 22. d4 exd4 23. Qxd4 Qxd4 24. cxd4 Bd3+ 25. Kg1 Rfe8 26. Rec1 c6 27. d5 Re2
28. dxc6 bxc6 29. Rc3 Be4 30. Rd1 Rxb2 31. Rd7 Bd5 32. Bxd5 cxd5 33. Rcc7 Rf8
34. Rxd5 Rxa2 35. Rxb5 1/2-1/2

[Event "Szachowy Tydzien w Przeworsku - Round Robin Tournament GM norm"]
[Site "Przeworsk"]
[Date "1899-12-30"]
[Round "2.5"]
[White "Dziuba, Marcin"]
[Black "Psyk, Radoslaw"]
[Result "0-1"]
[WhiteTitle "GM"]
[BlackTitle "k++"]
[WhiteElo "2535"]
[BlackElo "2417"]

1. e4 e6 2. d4 d5 3. Nc3 Nf6 4. e5 Nfd7 5. f4 c5 6. Nf3 Nc6 7. Be3 cxd4 8. Nxd4
Qb6 9. Qd2 Qxb2 10. Rb1 Qa3 11. Bb5 Nxd4 12. Bxd4 a6 13. Bxd7+ Bxd7 14. Rb3 Qe7
15. Rxb7 Rc8 16. O-O Qd8 17. Qe3 Rc4 18. Rfb1 Be7 19. f5 Bg5 20. Qf2 exf5 21.
e6 fxe6 22. Bxg7 Rg8 23. Be5 Bf6 24. Rxd7 Kxd7 25. Rb7+ Ke8 26. Qe2 Rg6 27. Kh1
Kf8 28. Rxh7 Rcg4 29. g3 f4 30. Bc7 fxg3 31. hxg3 Qe8 32. Bd6+ Kg8 33. Rb7 Bd8
34. Rb8 Rg7 35. Kg2 Qd7 36. Be5 R7g5 37. Qxa6 Rxe5 38. Qb6 Rxg3+ 39. Kxg3 Qg7+
40. Kf2 Qf6+ 0-1

[Event "Szachowy Tydzien w Przeworsku - Round Robin Tournament GM norm"]
[Site "Przeworsk"]
[Date "1899-12-30"]
[Round "3.1"]
[White "Psyk, Radoslaw"]
[Black "Neugebauer, Martin"]
[Result "1-0"]
[WhiteTitle "k++"]
[BlackTitle "IM"]
[WhiteElo "2417"]
[BlackElo "2543"]

1. e4 c5 2. c3 Nf6 3. e5 Nd5 4. Nf3 d6 5. Bb5+ Nc6 6. O-O e6 7. c4 Nde7 8. exd6
Qxd6 9. Nc3 Nf5 10. Ne4 Qc7 11. b4 cxb4 12. d4 a6 13. Ba4 b5 14. cxb5 axb5 15.
Bxb5 Qb6 16. Ba4 Bd7 17. Re1 Be7 18. d5 exd5 19. Ng3 Nxg3 20. hxg3 Qa6 21. Bxc6
Qxc6 22. Bg5 Be6 23. Bxe7 Kxe7 24. Nd4 Qb6 25. Qg4 Kf6 26. Qf3+ Ke7 27. Qg4 Kf6
28. Qf3+ Ke7 29. Qe3 Kd7 30. Qe5 g6 31. Rad1 Rhe8 32. Qf6 Qd6 33. Nf3 Rxa2 34.
Rc1 Rea8 35. Ne5+ Ke8 36. Nxf7 1-0

[Event "Szachowy Tydzien w Przeworsku - Round Robin Tournament GM norm"]
[Site "Przeworsk"]
[Date "1899-12-30"]
[Round "3.2"]
[White "Baum, Jonasz"]
[Black "Dziuba, Marcin"]
[Result "1/2-1/2"]
[WhiteTitle "IM"]
[BlackTitle "GM"]
[WhiteElo "2427"]
[BlackElo "2535"]

1. d4 Nf6 2. c4 e6 3. Nf3 d5 4. g3 Be7 5. Bg2 O-O 6. O-O dxc4 7. Qc2 b5 8. a4 Bb7
9. axb5 a6 10. Nc3 axb5 11. Rxa8 Bxa8 12. Nxb5 Bd5 13. Rd1 Nc6 14. Qa4 Qb8 15.
Nc3 Qb6 16. e3 Rb8 17. Nxd5 exd5 18. Ne5 Qa7 19. Qxc6 Rb6 20. b3 Bf8 21. Qa4 Ra6
22. Qb5 Rb6 23. Qa4 Ra6 24. Qb5 Rb6 25. Qa4 Ra6 1/2-1/2

[Event "Szachowy Tydzien w Przeworsku - Round Robin Tournament GM norm"]
[Site "Przeworsk"]
[Date "1899-12-30"]
[Round "3.3"]
[White "Sowinski, Pawel"]
[Black "Licznerski, Lukasz"]
[Result "0-1"]
[WhiteTitle "FM"]
[BlackTitle "IM"]
[WhiteElo "2313"]
[BlackElo "2460"]

1. e4 c6 2. Nf3 d5 3. d3 Qc7 4. exd5 cxd5 5. c4 Nf6 6. Nc3 e6 7. a3 dxc4 8. dxc4
a6 9. g3 Bd6 10. Bg2 b6 11. O-O Bb7 12. Bg5 Nbd7 13. Qe2 O-O 14. Rac1 Rac8 15.
Rfd1 h6 16. Be3 Be7 17. Bf4 Qc5 18. h3 Ba8 19. Nb1 a5 20. Nbd2 a4 21. b4 axb3
22. Nxb3 Qxa3 23. Nbd4 Qc5 24. Nb5 Qh5 25. g4 Qg6 26. Bg3 Qh7 27. h4 Nc5 28. Bd6
Bxd6 29. Nxd6 Rcd8 30. Ne5 Bxg2 31. Kxg2 Nfe4 32. Nxe4 Nxe4 33. Nd7 Rfe8 34. Qf3
f5 35. h5 fxg4 36. Qf4 Qf5 37. Qxf5 exf5 38. Nxb6 f4 39. Rxd8 Rxd8 40. Nd5 f3+
41. Kg1 Ra8 42. c5 g3 43. c6 gxf2+ 44. Kh2 Ra2 45. Kh3 Rc2 46. Rf1 Kf7 47. Kg4
Rxc6 0-1

[Event "Szachowy Tydzien w Przeworsku - Round Robin Tournament GM norm"]
[Site "Przeworsk"]
[Date "1899-12-30"]
[Round "3.4"]
[White "Royal, Shreyas"]
[Black "Stefansson, Hannes"]
[Result "0-1"]
[WhiteTitle "IM"]
[BlackTitle "GM"]
[WhiteElo "2427"]
[BlackElo "2521"]

1. d4 Nf6 2. c4 e6 3. Nf3 d5 4. g3 Bb4+ 5. Bd2 Be7 6. Bg2 O-O 7. O-O c6 8. Qc2
Nbd7 9. Bf4 b6 10. Rd1 Bb7 11. Ne5 Rc8 12. Nc3 b5 13. Nxd7 Nxd7 14. b3 bxc4 15.
bxc4 Ba6 16. cxd5 cxd5 17. Qa4 Bc4 18. Rab1 a5 19. a3 Ba6 20. Qb3 Nf6 21. Rdc1
Qd7 22. Bf3 Bc4 23. Qb2 h6 24. h4 a4 25. Na2 Ne4 26. Nb4 Qb5 27. Kg2 Qa5 28. Nd3
Bb3 29. Ne5 Qa6 30. Rxc8 Rxc8 31. Rc1 Nd6 32. Bh5 Bf8 33. e3 Qb7 34. Be2 Rxc1
35. Qxc1 Qc8 36. Qb1 Ne4 37. f3 Nd2 38. Qb2 Qc2 39. Qxc2 Bxc2 40. Bb5 Bxa3 41.
e4 Nb1 42. exd5 exd5 43. Bc6 Nc3 44. Bd2 Bb2 45. Bxc3 Bxc3 46. Bxd5 Bxd4 47. Bxf7+
Kf8 48. Nc6 Bc3 0-1

[Event "Szachowy Tydzien w Przeworsku - Round Robin Tournament GM norm"]
[Site "Przeworsk"]
[Date "1899-12-30"]
[Round "3.5"]
[White "Fus, Jakub"]
[Black "Omelja, Artem"]
[Result "1/2-1/2"]
[WhiteTitle "IM"]
[BlackTitle "GM"]
[WhiteElo "2417"]
[BlackElo "2446"]

1. c4 e6 2. Nf3 d5 3. d4 Nf6 4. g3 Bb4+ 5. Bd2 Be7 6. Bg2 O-O 7. O-O Nbd7 8. Qc2
c6 9. Rd1 b6 10. Bf4 Bb7 11. Nc3 dxc4 12. Nd2 Nd5 13. Nxc4 Nxf4 14. gxf4 Qc7 15.
e3 Rad8 16. Rac1 c5 17. Bxb7 Qxb7 18. dxc5 Nxc5 19. b4 Nd7 20. a3 Nf6 21. Ne5
Bd6 22. Nc4 Be7 23. Ne5 Bd6 24. Nc4 Be7 25. Ne5 Bd6 26. Nc4 Be7 27. Ne5 1/2-1/2

[Event "Szachowy Tydzien w Przeworsku - Round Robin Tournament GM norm"]
[Site "Przeworsk"]
[Date "1899-12-30"]
[Round "4.1"]
[White "Neugebauer, Martin"]
[Black "Omelja, Artem"]
[Result "1/2-1/2"]
[WhiteTitle "IM"]
[BlackTitle "GM"]
[WhiteElo "2543"]
[BlackElo "2446"]

1. e4 e5 2. Nf3 Nc6 3. d4 exd4 4. Nxd4 Nf6 5. Nxc6 bxc6 6. Bd3 d5 7. exd5 cxd5
8. O-O Be7 9. c4 O-O 10. Nc3 Be6 11. cxd5 Nxd5 12. Nxd5 Bxd5 13. Qc2 h6 14. Be3
Bd6 15. Rfd1 c6 16. Rac1 Qf6 17. Bc4 Be5 18. b3 Rfd8 19. Bxd5 cxd5 20. Qd3 d4
21. Bd2 Rd5 22. g3 Rad8 23. Rc2 Bd6 24. Rc6 Qe7 25. Rdc1 a5 26. Rc8 Bb4 27. R1c7
Qf8 28. Bxb4 axb4 29. Rxd8 Rxd8 30. Rc1 Qd6 31. Rd1 g6 32. Kg2 1/2-1/2

[Event "Szachowy Tydzien w Przeworsku - Round Robin Tournament GM norm"]
[Site "Przeworsk"]
[Date "1899-12-30"]
[Round "4.2"]
[White "Stefansson, Hannes"]
[Black "Fus, Jakub"]
[Result "1/2-1/2"]
[WhiteTitle "GM"]
[BlackTitle "IM"]
[WhiteElo "2521"]
[BlackElo "2417"]

1. e4 e6 2. d4 d5 3. e5 c5 4. c3 Nc6 5. Nf3 Bd7 6. Be2 Nge7 7. Na3 cxd4 8. cxd4
Nf5 9. Nc2 Be7 10. O-O O-O 11. Bd3 f6 12. Bf4 fxe5 13. Nxe5 Rc8 14. Re1 Be8 15.
Nxc6 Rxc6 16. Be5 Bg6 17. Ne3 Qb6 18. Nxf5 Bxf5 19. Bxf5 Rxf5 20. Qe2 Bd6 21.
Bxd6 Rxd6 22. Qd2 Rc6 23. Rac1 h6 24. Rxc6 Qxc6 25. Qe3 Rf6 26. Rc1 Qd6 27. g3
Rf8 28. a3 Re8 29. Qc3 Qd7 30. b3 a6 31. a4 Qf7 32. Qc7 Re7 33. Qd6 Qf6 34. Rc8+
Kf7 35. Qd8 Kg6 36. Kg2 Qf7 37. f4 Rd7 38. Qe8 Qxe8 39. Rxe8 Kf5 40. Kf3 Rc7 41.
Rf8+ Kg6 42. Kg4 Rc3 43. f5+ exf5+ 44. Rxf5 Rxb3 45. Rxd5 Rb4 46. a5 Kf6 47. Rd7
1/2-1/2

[Event "Szachowy Tydzien w Przeworsku - Round Robin Tournament GM norm"]
[Site "Przeworsk"]
[Date "1899-12-30"]
[Round "4.3"]
[White "Licznerski, Lukasz"]
[Black "Royal, Shreyas"]
[Result "0-1"]
[WhiteTitle "IM"]
[BlackTitle "IM"]
[WhiteElo "2460"]
[BlackElo "2427"]

1. e4 c5 2. Nf3 d6 3. d4 cxd4 4. Qxd4 Nc6 5. Bb5 Bd7 6. Bxc6 Bxc6 7. Nc3 Nf6 8.
Bg5 e6 9. O-O-O Be7 10. Qd3 O-O 11. Nd4 h6 12. Bh4 Qa5 13. f4 Rac8 14. Kb1 a6
15. g4 b5 16. Bxf6 Bxf6 17. Nce2 Bb7 18. Ng3 Qc7 19. Rd2 e5 20. Nde2 exf4 21.
Nxf4 Be5 22. Nd5 Bxd5 23. Qxd5 g6 24. Ne2 Qc4 25. Nc1 Rc5 26. Qd3 Qe6 27. Qf3
Rc4 28. Re1 Rfc8 29. h3 a5 30. Ree2 a4 31. Nd3 Bg7 32. a3 Re8 33. Nb4 Qe5 34.
c3 Qc5 35. Rd5 Qg1+ 36. Ka2 Qb6 37. h4 Re6 38. h5 Qc7 39. Rd1 Qe7 40. Nd5 Qe8
41. Rde1 Rc8 42. Re3 Qc6 43. Kb1 Rce8 44. Rf1 Qb7 45. Re2 Re5 46. Ka2 Rxe4 47.
Rd2 Qd7 48. Rg1 Qe6 49. Qd3 Bd4 50. Qxd4 Rxd4 51. Rxd4 Rc8 52. Rgd1 Rc4 53. Rxc4
bxc4 54. Rd4 g5 55. Nb6 Kg7 56. Nxc4 d5 57. Nd2 f5 58. gxf5 Qxf5 59. Rxa4 g4 60.
Nf1 Qxh5 61. Ne3 g3 62. Ra7+ Kf6 63. Ra6+ Ke5 0-1

[Event "Szachowy Tydzien w Przeworsku - Round Robin Tournament GM norm"]
[Site "Przeworsk"]
[Date "1899-12-30"]
[Round "4.4"]
[White "Dziuba, Marcin"]
[Black "Sowinski, Pawel"]
[Result "1/2-1/2"]
[WhiteTitle "GM"]
[BlackTitle "FM"]
[WhiteElo "2535"]
[BlackElo "2313"]

1. e4 c6 2. d4 d5 3. e5 Bf5 4. h4 h5 5. Bd3 Bxd3 6. Qxd3 Qa5+ 7. Nd2 e6 8. Ngf3
Nh6 9. O-O Nf5 10. Nb3 Qa6 11. Qd1 Be7 12. g3 Nd7 13. Bg5 Bxg5 14. Nxg5 g6 15.
Re1 Rc8 16. c3 c5 17. Qd2 b6 18. Nf3 Kf8 19. Kg2 Kg7 20. Nc1 cxd4 21. Nxd4 Nxd4
22. cxd4 Qa5 23. Qe3 Rc2 24. Nd3 Qd2 25. Qf3 Rhc8 26. Re3 Rf8 27. Rae1 Qa5 28.
Qf4 Qd2 29. Qg5 f6 30. exf6+ Nxf6 31. Qe5 Kh7 32. R1e2 Qd1 33. Re1 Qd2 34. R1e2
Qd1 35. Rxc2 Qxc2 36. Qxe6 Ng4 37. Qe7+ Kg8 38. Qe6+ Kh8 39. Kh3 Qd1 40. Kg2 Qc2
41. Kg1 Qd1+ 42. Ne1 Nxe3 43. Qxe3 Qg4 44. Nd3 Qe4 45. Qd2 Kg8 46. Ne5 Rc8 47.
Qg5 Qf5 48. Qe3 Rc2 49. Nf3 Qe4 50. Qg5 Rc8 51. Ne5 Qb1+ 52. Kh2 Qf5 53. Qe3 Rc2
54. Nd3 Qe4 55. Qg5 Re2 56. Qd8+ Kg7 57. Qc7+ Kg8 58. Qb8+ Kh7 59. Qc7+ Kh6 60.
Qc1+ Kh7 61. Qc7+ Qe7 62. Qc6 Rd2 63. Qc3 Re2 64. Qc6 Qf7 65. Kg2 Qe6 66. Qc7+
Qe7 67. Qc3 Qe4+ 68. Kf1 Qe8 69. Ne5 Re4 70. a4 Qf8 71. Qc7+ Kg8 72. Qd7 Qf5 73.
Qxd5+ Kg7 74. Qb7+ Kg8 75. Qa8+ Kh7 76. Qxa7+ Kg8 77. Qa8+ Kg7 78. Qb7+ Kg8 79.
Qb8+ Kg7 80. Qc7+ Kg8 81. Qd8+ Kg7 82. Kg2 Re2 83. Qc7+ Kf8 84. Qd8+ Kg7 85. Qe7+
Kg8 86. Qd8+ Kg7 87. Qc7+ Kf8 88. Nf3 Qc2 89. Qf4+ Kg7 90. Ng5 Qc6+ 91. Kh2 Re7
92. b3 Qd5 93. Qb8 Qxd4 94. Nh3 1/2-1/2

[Event "Szachowy Tydzien w Przeworsku - Round Robin Tournament GM norm"]
[Site "Przeworsk"]
[Date "1899-12-30"]
[Round "4.5"]
[White "Psyk, Radoslaw"]
[Black "Baum, Jonasz"]
[Result "1/2-1/2"]
[WhiteTitle "k++"]
[BlackTitle "IM"]
[WhiteElo "2417"]
[BlackElo "2427"]

1. e4 e5 2. Bc4 Nf6 3. d3 Nc6 4. Nc3 Na5 5. Bb3 Nxb3 6. axb3 d5 7. exd5 Bb4 8.
Nge2 Nxd5 9. O-O O-O 10. Bd2 Nf6 11. Ng3 Bg4 12. Qe1 Re8 13. Bg5 a5 14. Nge4 b6
15. Nxf6+ gxf6 16. Bh4 Qd4 17. Qe3 Qxe3 18. fxe3 Bxc3 19. bxc3 b5 20. Bxf6 a4
21. Kf2 Ra6 22. Ke1 Ree6 23. h3 Bh5 24. Bd8 axb3 25. Rxa6 b2 26. Ra8 Ra6 27. Rb8
Ra1+ 28. Kd2 f5 29. Bh4+ Kg7 30. Rxb5 Rxf1 31. Be1 Rg1 32. Rxb2 Rxg2+ 33. Kc1
Rg1 34. Kd2 Rg2+ 35. Kc1 Rg1 36. Kd2 Rg2+ 37. Kc1 1/2-1/2

[Event "Szachowy Tydzien w Przeworsku - Round Robin Tournament GM norm"]
[Site "Przeworsk"]
[Date "1899-12-30"]
[Round "5.1"]
[White "Baum, Jonasz"]
[Black "Neugebauer, Martin"]
[Result "0-1"]
[WhiteTitle "IM"]
[BlackTitle "IM"]
[WhiteElo "2427"]
[BlackElo "2543"]

1. d4 Nf6 2. c4 e6 3. Nc3 Bb4 4. Qc2 c5 5. dxc5 O-O 6. a3 Bxc5 7. Nf3 b6 8. Bf4
Bb7 9. e4 Nh5 10. Bg5 Be7 11. h4 Nc6 12. O-O-O Rc8 13. Nb5 f6 14. Be3 Ba6 15.
Nc3 Bc5 16. Rh3 Qc7 17. Qa4 Nb8 18. Nd4 Nf4 19. Rg3 Bxd4 20. Rxd4 e5 21. Bxf4
exf4 22. Rf3 Nc6 23. Rd1 Bb7 24. Nb5 Qb8 25. Nd6 Rc7 26. Rc3 Ne5 27. c5 Kh8 28.
b4 Nf7 29. Nxf7+ Rxf7 30. f3 Re7 31. Qc2 Re8 32. Kb2 Rec8 33. Ka1 a5 34. bxa5
bxa5 35. Rb1 Qa7 36. Qb2 Rxc5 37. Rbc1 Rxc3 38. Rxc3 Bc6 39. Bd3 Rb8 40. Rb3 Rxb3
41. Qxb3 Qg1+ 42. Qb1 Qxb1+ 43. Kxb1 g6 44. h5 gxh5 45. Bc4 Kg7 46. Kc2 Kg6 47.
Kd2 Kg5 48. Ke2 h4 49. Bg8 Kg6 50. Bc4 Bb7 51. Kf2 Bc8 52. Kg1 h3 53. gxh3 Kg5
54. Bg8 h6 55. Bh7 d6 56. Kg2 Kh4 0-1

[Event "Szachowy Tydzien w Przeworsku - Round Robin Tournament GM norm"]
[Site "Przeworsk"]
[Date "1899-12-30"]
[Round "5.2"]
[White "Sowinski, Pawel"]
[Black "Psyk, Radoslaw"]
[Result "1/2-1/2"]
[WhiteTitle "FM"]
[BlackTitle "k++"]
[WhiteElo "2313"]
[BlackElo "2417"]

1. d4 e6 2. c4 d5 3. Nc3 Nf6 4. cxd5 Nxd5 5. e4 Nxc3 6. bxc3 c5 7. Nf3 cxd4 8.
cxd4 Bb4+ 9. Bd2 Bxd2+ 10. Qxd2 O-O 11. Bc4 Nd7 12. O-O b6 13. Rfe1 Bb7 14. Re3
Rc8 15. Bb3 Nf6 16. d5 exd5 17. e5 Ne4 18. Qe1 Ng5 19. Nd4 Ne6 20. Nf5 Rc5 21.
Rg3 Qc7 22. Qe3 Rc8 23. Rd1 Kf8 24. Nd6 Rd8 25. Qd2 h6 26. Rf3 Rd7 27. Rd3 Ba8
28. f4 Rxd6 29. exd6 Qxd6 30. Bxd5 Nxf4 31. Bxa8 Qxd3 32. Qxd3 Nxd3 33. Rxd3 Rc1+
34. Kf2 Rc2+ 35. Ke3 Rxa2 36. Rd7 Ra3+ 37. Kd4 Ra1 38. Bd5 Rf1 39. Rxa7 g5 40.
Rb7 Rf6 41. Ke5 Kg7 42. h3 Kg6 43. g4 Kg7 44. Rb8 Rf4 45. Rxb6 h5 46. gxh5 f6+
47. Ke6 Kh6 48. Kf7 Kxh5 49. Be6 f5 50. Kf6 g4 51. Bxf5 gxh3 52. Rb8 Kh4 53. Rh8+
Kg3 54. Rxh3+ Kf2 55. Ke5 Ra4 56. Be4 Ra7 57. Kf4 Rf7+ 58. Bf5 Ke2 59. Rh2+ Kd1
60. Ke5 Rf8 61. Be4 Rd8 62. Kf4 Rd2 63. Rh3 Kc1 64. Ke3 Ra2 65. Bd3 Rg2 66. Rh6
Kb2 67. Kd4 Rg4+ 68. Be4 Rg3 69. Rh2+ Ka3 70. Bd5 Rg7 71. Ra2+ Kb4 72. Rb2+ Ka3
73. Rb1 Ka4 74. Rb8 Ka3 75. Bc4 Rg1 76. Rb3+ Ka4 77. Rb6 Ka5 78. Rb2 Rg5 79. Bd5
Ka6 80. Kc5 Ka7 81. Ra2+ Kb8 82. Ra8+ Kc7 83. Ra7+ Kb8 84. Re7 Rg1 85. Bc6 Kc8
86. Kb6 Rd1 87. Re8+ Rd8 88. Re4 Rd1 89. Ra4 Kd8 90. Re4 Kc8 91. Kc5 Kd8 92. Bd5
Kd7 93. Rf4 1/2-1/2